000 01067nam a2200301 a 4500
001 36944
003 BD-RjUL
005 20211209052548.0
008 140924s1998 enka b 001 0 eng
020 _a0851992749 (alk. paper)
035 _a(BD-RjUL)37046
040 _aDLC
_cDLC
_dDLC
_dBD-RjUL
_beng
041 _aeng
082 0 0 _a635.210496257
_221
_bPOT 1998
245 0 0 _aPotato cyst nematodes :
_bbiology, distribution, and control /
_cedited by R.J. Marks and B.B. Brodie.
260 _aWallingford, Oxon, UK ;
_aNew York, NY, USA :
_bCAB International,
_cc1998.
300 _axvii, 408 p. :
_bill. (some col.) ;
_c25 cm.
504 _aIncludes bibliographical references and index.
650 0 _aPotatoes
_xDiseases and pests.
_9112855
650 0 _aPotatoes
_xDiseases and pests
_xControl.
_9112856
650 0 _aGolden nematode.
_9112857
650 0 _aGlobodera pallida.
_9112858
700 1 _aMarks, R. J.
_q(R. Jimmy)
_9112859
700 1 _aBrodie, B. B.
_q(Bill B.)
_9112860
942 _2ddc
_cBK
999 _c36944
_d36944